[Event "4NCL Division 3 North"]
[Site "Bolton, ENG"]
[Date "2017.02.12"]
[Round "6.43"]
[White "Adams, Philip"]
[Black "Cowan, Richard M"]
[Result "0-1"]
[WhiteElo "2057"]
[BlackElo "1871"]
[Annotator "Barnes,Lara"]
[PlyCount "50"]
[EventDate "2017.02.12"]
[WhiteTeam "3Cs 2"]
[BlackTeam "Jorvik"]

1. e4 c6 2. Nf3 d5 3. exd5 cxd5 4. c4 d4 5. d3 Nc6 6. g3 e5 7. Bg2 Bd6 8. O-O
Nge7 9. b3 O-O 10. Ba3 Bg4 11. h3 Bh5 12. Bxd6 Qxd6 13. a3 a5 14. Nbd2 f5 15.
Qc2 Qc5 16. Ng5 Rfc8 17. g4 fxg4 18. Nde4 Qb6 19. Nd6 Rf8 20. c5 Qa6 21. Ne6
gxh3 22. Bxh3 Rf3 23. Nc7 Rxh3 24. Nxa6 Bf3 25. Qc4+ Nd5 0-1

[Event "4NCL Division 3 North"]
[Site "Bolton, ENG"]
[Date "2017.02.12"]
[Round "6.44"]
[White "Nezis, Anastasios"]
[Black "Bentley, John L"]
[Result "0-1"]
[WhiteElo "1918"]
[BlackElo "2118"]
[Annotator "Barnes,Lara"]
[PlyCount "56"]
[EventDate "2017.02.12"]
[WhiteTeam "Jorvik"]
[BlackTeam "3Cs 2"]

1. e4 c5 2. Nf3 Nc6 3. d4 cxd4 4. Nxd4 Nf6 5. f3 e5 6. Nb5 d6 7. c4 Be7 8. Be3
O-O 9. Be2 Nh5 10. Qd2 Nf4 11. O-O a6 12. Bxf4 exf4 13. N5c3 Bf6 14. Nd5 Be5
15. Kh1 g5 16. Nbc3 Re8 17. Nd1 Re6 18. Nf2 Rh6 19. Rad1 Rh4 20. Nb4 Nxb4 21.
Qxb4 g4 22. Qe1 g3 23. Nh3 Bxh3 24. hxg3 fxg3 25. f4 Be6+ 26. Kg1 Rh1+ 27. Kxh1
Qh4+ 28. Kg1 Qh2# 0-1

[Event "4NCL Division 3 North"]
[Site "Bolton, ENG"]
[Date "2017.02.12"]
[Round "6.45"]
[White "English, Ray"]
[Black "Anderson, Paul W"]
[Result "1/2-1/2"]
[WhiteElo "1937"]
[BlackElo "1749"]
[Annotator "Barnes,Lara"]
[PlyCount "31"]
[EventDate "2017.02.12"]
[WhiteTeam "3Cs 2"]
[BlackTeam "Jorvik"]

1. e4 e5 2. Nf3 Nf6 3. Nxe5 d6 4. Nf3 Nxe4 5. Nc3 Nxc3 6. dxc3 Bg4 7. h3 Bh5 8.
Be3 a6 9. Qd5 Bxf3 10. Qxf3 Nc6 11. O-O-O Be7 12. g4 Bg5 13. Bg2 O-O 14. h4
Bxe3+ 15. Qxe3 Re8 16. Qg3 1/2-1/2

[Event "4NCL Division 3 North"]
[Site "Bolton, ENG"]
[Date "2017.02.12"]
[Round "6.46"]
[White "Andrews, Norman G"]
[Black "McLean, Robert"]
[Result "0-1"]
[WhiteElo "1578"]
[BlackElo "1967"]
[Annotator "Barnes,Lara"]
[PlyCount "36"]
[EventDate "2017.02.12"]
[WhiteTeam "Jorvik"]
[BlackTeam "3Cs 2"]

1. Nf3 Nf6 2. d4 e6 3. c4 Bb4+ 4. Bd2 Qe7 5. a3 Bxd2+ 6. Qxd2 d6 7. Nc3 Nbd7 8.
e3 O-O 9. Bd3 e5 10. dxe5 dxe5 11. e4 Nc5 12. Bc2 Rd8 13. Qe2 Bg4 14. O-O Ne6
15. Nd5 Nxd5 16. exd5 Nd4 17. Qd3 Bf5 18. Qc3 Ne2+ 0-1

[Event "4NCL Division 3 North"]
[Site "Bolton, ENG"]
[Date "2017.02.12"]
[Round "6.51"]
[White "O'Gorman, Tom"]
[Black "Buckley, Colm"]
[Result "0-1"]
[WhiteElo "2041"]
[BlackElo "1919"]
[Annotator "Barnes,Lara"]
[PlyCount "30"]
[EventDate "2017.02.12"]
[WhiteTeam "Enniscorthy"]
[BlackTeam "Spirit of Atticus B"]

1. e4 e6 2. d4 d5 3. Nd2 c5 4. exd5 exd5 5. Ngf3 Nc6 6. dxc5 Bxc5 7. Bd3 Qe7+
8. Qe2 Qxe2+ 9. Kxe2 Nf6 10. Nb3 Bb6 11. Be3 Bxe3 12. Kxe3 O-O 13. c3 Re8+ 14.
Kf4 h6 15. h4 Nh5# 0-1

[Event "4NCL Division 3 North"]
[Site "Bolton, ENG"]
[Date "2017.02.12"]
[Round "6.52"]
[White "Connor, Stephen J"]
[Black "Plaza Reino, Agustin"]
[Result "1/2-1/2"]
[WhiteElo "1996"]
[BlackElo "1879"]
[Annotator "Barnes,Lara"]
[PlyCount "48"]
[EventDate "2017.02.12"]
[WhiteTeam "Spirit of Atticus B"]
[BlackTeam "Enniscorthy"]

1. d4 d5 2. Nf3 Nf6 3. g3 e6 4. Bg2 c5 5. c3 Nc6 6. O-O Be7 7. Bf4 O-O 8. Ne5
cxd4 9. Nxc6 bxc6 10. cxd4 c5 11. Nc3 Ba6 12. Re1 Rc8 13. e3 cxd4 14. exd4 Bb4
15. Re3 Bxc3 16. Rxc3 Rxc3 17. bxc3 Qa5 18. Bd6 Rc8 19. Bb4 Qc7 20. Qa4 Bd3 21.
Rd1 Be4 22. f3 Bg6 23. Bf1 Nd7 24. Qa5 Qxa5 1/2-1/2

[Event "4NCL Division 3 North"]
[Site "Bolton, ENG"]
[Date "2017.02.12"]
[Round "6.53"]
[White "O'Gorman, Alice"]
[Black "McDonagh, Michael"]
[Result "1-0"]
[WhiteElo "1791"]
[BlackElo "1898"]
[PlyCount "101"]
[EventDate "2017.02.12"]
[WhiteTeam "Enniscorthy"]
[BlackTeam "Spirit of Atticus B"]

1. e4 Nh6 2. d4 d5 3. exd5 Qxd5 4. Nc3 Qd8 5. Bxh6 gxh6 6. Bc4 Bg7 7. d5 O-O 8.
Nge2 Nd7 9. Nf4 Ne5 10. Bb3 Ng6 11. Nh5 Bxc3+ 12. bxc3 Qd6 13. Qd4 Qe5+ 14.
Qxe5 Nxe5 15. O-O Bg4 16. Ng3 Bd7 17. Rae1 Ng6 18. f4 Rfe8 19. f5 Nf8 20. Nh5
a5 21. a4 b5 22. axb5 Bxb5 23. Rf3 a4 24. Ba2 Nd7 25. Rb1 Reb8 26. Rb4 Be2 27.
Rg3+ Kf8 28. Nf4 Rxb4 29. cxb4 Bd1 30. Rc3 Ra7 31. h3 Nf6 32. Kf1 Ne4 33. Rc6
Rb7 34. Ke1 Rxb4 35. Kxd1 Nf2+ 36. Ke2 Rxf4 37. Rxc7 Rxf5 38. Rc4 Nh1 39. g4
Rf2+ 40. Kd1 Ke8 41. Rxa4 Rh2 42. c4 Nf2+ 43. Kc2 Nxg4+ 44. Kb3 Rxh3+ 45. Kb4
Re3 46. Kc5 Kd7 47. Ra7+ Kc8 48. Kb6 Rc3 49. c5 Ne5 50. c6 Nxc6 51. dxc6 1-0

[Event "4NCL Division 3 North"]
[Site "Bolton, ENG"]
[Date "2017.02.12"]
[Round "6.61"]
[White "Kay, Lee P"]
[Black "Trueman, Glenn"]
[Result "1/2-1/2"]
[WhiteElo "2102"]
[BlackElo "1982"]
[Annotator "Barnes,Lara"]
[PlyCount "34"]
[EventDate "2017.02.12"]
[WhiteTeam "Manchester Manticores 2"]
[BlackTeam "Manchester Manticores 3"]

1. e4 c5 2. b4 cxb4 3. a3 d5 4. exd5 Qxd5 5. Nf3 e5 6. axb4 Bxb4 7. c3 Be7 8.
Na3 Nc6 9. Nb5 Qd8 10. Bc4 e4 11. Nfd4 Nxd4 12. cxd4 Nf6 13. d5 O-O 14. d6 Bxd6
15. Nxd6 Qxd6 16. Ba3 Qd4 17. Bxf8 Qxc4 1/2-1/2

[Event "4NCL Division 3 North"]
[Site "Bolton, ENG"]
[Date "2017.02.12"]
[Round "6.62"]
[White "Collins, Richard A"]
[Black "Jayawarna, Nugith"]
[Result "0-1"]
[WhiteElo "1967"]
[BlackElo "2155"]
[PlyCount "86"]
[EventDate "2017.02.12"]
[WhiteTeam "Manchester Manticores 3"]
[BlackTeam "Manchester Manticores 2"]

1. e4 c5 2. Nf3 e6 3. d4 cxd4 4. Nxd4 Nc6 5. Be2 Qc7 6. Nc3 a6 7. O-O Nf6 8.
Be3 Bb4 9. f3 d5 10. exd5 exd5 11. Nb1 O-O 12. Kh1 Re8 13. Bg1 Qe5 14. Nxc6
bxc6 15. Bd3 Nh5 16. Bf2 Bd6 17. f4 Nxf4 18. Bg3 Qxb2 19. Bxf4 Bxf4 20. Nd2 Qe5
21. Qf3 g5 22. g3 Bg4 23. Qf2 Bh3 24. gxf4 Qxf4 25. Qxf4 gxf4 26. Rxf4 f5 27.
Rh4 Re3 28. Rg1+ Kh8 29. Rf4 c5 30. Rf3 Rae8 31. Bxf5 Rxf3 32. Nxf3 Bxf5 33.
Rg5 Be4 34. Kg2 Rf8 35. Rg3 Bxf3+ 36. Rxf3 Rxf3 37. Kxf3 Kg7 38. Ke3 Kf6 39.
Kf3 Ke5 40. Ke3 d4+ 41. Kd3 Kd5 42. c3 c4+ 43. Kd2 d3 0-1

[Event "4NCL Division 3 North"]
[Site "Bolton, ENG"]
[Date "2017.02.12"]
[Round "6.63"]
[White "Mulleady, Peter J"]
[Black "Lyth, John D"]
[Result "1/2-1/2"]
[WhiteElo "2080"]
[BlackElo "1900"]
[PlyCount "125"]
[EventDate "2017.02.12"]
[WhiteTeam "Manchester Manticores 2"]
[BlackTeam "Manchester Manticores 3"]

1. d4 d5 2. Bf4 e6 3. Nf3 Bd6 4. Bxd6 cxd6 5. c3 Nf6 6. e3 O-O 7. Be2 b6 8. Na3
Bb7 9. O-O Nc6 10. Qc2 Ne7 11. Rad1 Qd7 12. Qb3 Rfc8 13. Qc2 Ng6 14. Qb1 Qe7
15. Nc2 Ne4 16. Nce1 Rc7 17. Nd2 Nxd2 18. Rxd2 Rac8 19. f4 f5 20. g4 Nf8 21.
Nd3 g6 22. Rf3 Nd7 23. Rg3 Nf6 24. Nf2 Kh8 25. g5 Ne4 26. Nxe4 dxe4 27. Qd1 Bd5
28. a3 Bc4 29. Bxc4 Rxc4 30. h4 R4c7 31. h5 Rg8 32. hxg6 Rxg6 33. Rh2 d5 34.
Rgh3 Qe8 35. Rh6 Rxh6 36. Rxh6 Rg7 37. Kf2 Rg6 38. Rh2 Rg7 39. Qb3 Kg8 40. Qb4
Qc6 41. Rh6 a5 42. Qb3 Rg6 43. Rh1 Rg7 44. a4 Rd7 45. Rh6 Rg7 46. Ke1 Rg6 47.
Rh2 Rg7 48. Kd1 Rg6 49. Kc1 Rg7 50. Rh6 Rg6 51. Rxg6+ hxg6 52. Qb5 Qxb5 53.
axb5 Kf7 54. b3 Ke7 55. Kb2 Kd6 56. Ka3 Kc7 57. Kb2 Kd6 58. Kc2 Kc7 59. c4 Kd6
60. Kc3 Kc7 61. c5 Kb7 62. c6+ Kc7 63. Kb2 1/2-1/2

[Event "4NCL Division 3 North"]
[Site "Bolton, ENG"]
[Date "2017.02.12"]
[Round "6.64"]
[White "Hilton, Tim"]
[Black "Webster, Richard J"]
[Result "0-1"]
[WhiteElo "1930"]
[BlackElo "2020"]
[Annotator "Barnes,Lara"]
[PlyCount "106"]
[EventDate "2017.02.12"]
[WhiteTeam "Manchester Manticores 3"]
[BlackTeam "Manchester Manticores 2"]

1. c4 Nf6 2. g3 e5 3. Bg2 d5 4. cxd5 Nxd5 5. Nc3 Nb6 6. Nf3 Nc6 7. O-O Be7 8.
Rb1 a5 9. d3 O-O 10. Be3 Be6 11. a3 Nd5 12. Nxd5 Bxd5 13. Qa4 Re8 14. Rbc1 Bf8
15. Nd2 Bxg2 16. Kxg2 Nd4 17. Bxd4 exd4 18. Rfe1 Qd5+ 19. Kg1 c6 20. Qc4 Rad8
21. Ne4 Qxc4 22. Rxc4 Re5 23. Kf1 Rb5 24. Rc2 f5 25. Nd2 Rd6 26. Nc4 Rh6 27.
Kg2 Rf6 28. e3 dxe3 29. fxe3 a4 30. d4 Rb3 31. Na5 Rb5 32. Nc4 Re6 33. Kf2 g6
34. Ne5 Rb3 35. Nc4 Bh6 36. Rc3 Rb5 37. Re2 Bg7 38. Re1 c5 39. Rd3 cxd4 40.
exd4 Rc6 41. Rc1 Rd5 42. Ne3 Rxd4 43. Rxc6 bxc6 44. Rd1 Rxd1 45. Nxd1 Kf7 46.
Ke3 Ke6 47. Kd3 Kd5 48. Ne3+ Kc5 49. Nd1 Bd4 50. h3 g5 51. g4 f4 52. Ke4 Kc4
53. h4 gxh4 0-1

[Event "4NCL Division 3 North"]
[Site "Bolton, ENG"]
[Date "2017.02.12"]
[Round "6.65"]
[White "Reed, John"]
[Black "Potter, Steven"]
[Result "0-1"]
[WhiteElo "2012"]
[BlackElo "1922"]
[PlyCount "88"]
[EventDate "2017.02.12"]
[WhiteTeam "Manchester Manticores 2"]
[BlackTeam "Manchester Manticores 3"]

1. d4 e6 2. e4 b6 3. Bd3 Bb7 4. Qe2 c5 5. d5 Be7 6. c4 b5 7. Nf3 bxc4 8. Bxc4
Nf6 9. Nc3 a6 10. O-O Qc7 11. Bg5 e5 12. Nh4 d6 13. Nf5 O-O 14. Qf3 Bc8 15. Ne2
Bxf5 16. Qxf5 Qd7 17. Ng3 g6 18. Qf3 Kg7 19. Qe2 Ng8 20. Bd2 Nf6 21. f4 Qg4 22.
fxe5 dxe5 23. Qd3 Bd6 24. Nf5+ gxf5 25. Rxf5 Nxe4 26. Raf1 Nxd2 27. Qxd2 Qd4+
28. Qxd4 cxd4 29. Bd3 f6 30. R1f3 Nd7 31. Rg3+ Kf7 32. Rh5 Rh8 33. Bf5 Nc5 34.
Bxh7 e4 35. Rgh3 d3 36. Kf2 Bf4 37. b4 d2 38. Ke2 Nd3 39. Bg6+ Kg7 40. Rxh8
Rxh8 41. Rxh8 Kxh8 42. Bxe4 Nc1+ 43. Kd1 Nxa2 44. g3 Nc3+ 0-1

[Event "4NCL Division 3 North"]
[Site "Bolton, ENG"]
[Date "2017.02.12"]
[Round "6.66"]
[White "Livesey, R Nigel"]
[Black "Jaques, Andrew"]
[Result "0-1"]
[WhiteElo "1870"]
[BlackElo "1952"]
[Annotator "Barnes,Lara"]
[PlyCount "106"]
[EventDate "2017.02.12"]
[WhiteTeam "Manchester Manticores 3"]
[BlackTeam "Manchester Manticores 2"]

1. c4 Nf6 2. g3 g6 3. Bg2 Bg7 4. Nc3 O-O 5. e4 d6 6. Nge2 c6 7. d3 Nbd7 8. O-O
a6 9. h3 e5 10. Be3 b5 11. b3 Bb7 12. Rc1 Nb6 13. f4 Re8 14. f5 d5 15. exd5
cxd5 16. c5 Nc8 17. fxg6 hxg6 18. Bg5 Re6 19. d4 b4 20. Na4 Qc7 21. Rc2 Bc6 22.
dxe5 Nh7 23. Be3 Bxe5 24. Nf4 Bxf4 25. Bxf4 Qb7 26. Qd4 Ne7 27. Bh6 f6 28. g4
Rd8 29. Rcf2 Kf7 30. Nb2 Bb5 31. Nc4 Nc6 32. Bxd5 Nxd4 33. Bxb7 g5 34. Nd6+
Rexd6 35. cxd6 Bxf1 36. Rxf1 Kg6 37. Be4+ Kxh6 38. d7 Rxd7 39. Bxh7 Kxh7 40.
Rxf6 a5 41. Ra6 Rd5 42. Kf2 Re5 43. Rd6 Nb5 44. Rc6 Nc3 45. a4 Nd1+ 46. Kg2 Nb2
47. Rb6 Nd3 48. Rf6 Nc5 49. Rf3 Re2+ 50. Kf1 Rc2 51. Rf5 Kg6 52. Rd5 Nxb3 53.
Rd6+ Kf7 0-1

[Event "4NCL Division 3 North"]
[Site "Bolton, ENG"]
[Date "2017.02.12"]
[Round "6.71"]
[White "Madden, Paul"]
[Black "Dobson, Graham W"]
[Result "1/2-1/2"]
[WhiteElo "2087"]
[BlackElo "1834"]
[Annotator "Barnes,Lara"]
[PlyCount "81"]
[EventDate "2017.02.12"]
[WhiteTeam "Ashfield Breadsall 1"]
[BlackTeam "Manchester Manticores 4"]

1. e4 c6 2. d4 d5 3. Nc3 dxe4 4. Nxe4 Bf5 5. Ng3 Bg6 6. h4 h6 7. Nf3 Nd7 8. Bc4
e6 9. Qe2 Ngf6 10. O-O Be7 11. Rd1 Qc7 12. a4 Bd6 13. Ne5 Nxe5 14. dxe5 Bxe5
15. f4 Bxf4 16. h5 Bh7 17. Bxf4 Qxf4 18. Ra3 O-O 19. Rf3 Qg4 20. Rdf1 Qd4+ 21.
R3f2 Qg4 22. Rf3 Nxh5 23. Rxf7 Qd4+ 24. Qf2 Qxf2+ 25. R7xf2 Rxf2 26. Bxe6+ Kh8
27. Kxf2 Rf8+ 28. Ke3 Rxf1 29. Nxf1 Bxc2 30. a5 b6 31. a6 Nf6 32. Nd2 Ba4 33.
Nf3 Bb5 34. Nd4 Bxa6 35. Nxc6 Bb7 36. Nxa7 Bxg2 37. Nc8 b5 38. Nd6 Bc6 39. Kd4
g5 40. Kc5 Ba8 41. Kxb5 1/2-1/2

[Event "4NCL Division 3 North"]
[Site "Bolton, ENG"]
[Date "2017.02.12"]
[Round "6.72"]
[White "Raghavendra, Mahima"]
[Black "Walker, Andrew N"]
[Result "1/2-1/2"]
[WhiteElo "1772"]
[BlackElo "2061"]
[Annotator "Barnes,Lara"]
[PlyCount "32"]
[EventDate "2017.02.12"]
[WhiteTeam "Manchester Manticores 4"]
[BlackTeam "Ashfield Breadsall 1"]

1. e4 e5 2. Nf3 Nc6 3. Nc3 Nf6 4. d4 exd4 5. Nxd4 d6 6. Nxc6 bxc6 7. Be2 Be7 8.
O-O O-O 9. Bf3 Bb7 10. Re1 Nd7 11. Bg4 Ne5 12. Bh3 Bf6 13. f4 Ng6 14. g3 Re8
15. Bg2 Re7 16. Be3 Bxc3 1/2-1/2

[Event "4NCL Division 3 North"]
[Site "Bolton, ENG"]
[Date "2017.02.12"]
[Round "6.73"]
[White "Halfpenny, Glenn"]
[Black "Lonsdale, Jon I"]
[Result "1/2-1/2"]
[WhiteElo "2066"]
[BlackElo "1817"]
[PlyCount "63"]
[EventDate "2017.02.12"]
[WhiteTeam "Ashfield Breadsall 1"]
[BlackTeam "Manchester Manticores 4"]

1. e4 c5 2. g3 d5 3. exd5 Qxd5 4. Nf3 Bg4 5. Bg2 Nc6 6. d3 e6 7. O-O Nf6 8. h3
Bh5 9. Bf4 Qd7 10. g4 Bg6 11. Ne5 Nxe5 12. Bxe5 Nd5 13. Nc3 f6 14. Bg3 O-O-O
15. Nxd5 exd5 16. f4 h5 17. f5 Bf7 18. Qf3 hxg4 19. hxg4 Bd6 20. Rfe1 Rde8 21.
c3 Bxg3 22. Qxg3 Qc7 23. Qxc7+ Kxc7 24. d4 b6 25. Kf2 Kd6 26. Rxe8 Rxe8 27. Re1
Rxe1 28. Kxe1 g5 29. fxg6 Bxg6 30. Kf2 cxd4 31. cxd4 Bb1 32. a3 1/2-1/2

[Event "4NCL Division 3 North"]
[Site "Bolton, ENG"]
[Date "2017.02.12"]
[Round "6.74"]
[White "Rahulan, Thivyaa"]
[Black "Truman, Richard G"]
[Result "1/2-1/2"]
[WhiteElo "1735"]
[BlackElo "1964"]
[PlyCount "49"]
[EventDate "2017.02.12"]
[WhiteTeam "Manchester Manticores 4"]
[BlackTeam "Ashfield Breadsall 1"]

1. e4 c5 2. d4 cxd4 3. c3 Nf6 4. e5 Nd5 5. cxd4 e6 6. Nf3 d6 7. Bd2 Nc6 8. Nc3
Nxc3 9. Bxc3 Be7 10. Be2 Bd7 11. O-O O-O 12. Rc1 Rc8 13. Re1 Qb6 14. Qd2 a5 15.
a3 a4 16. exd6 Bxd6 17. Ne5 Qd8 18. Nxd7 Qxd7 19. Bf3 Rfd8 20. Red1 Ne7 21. Ba5
Re8 22. g3 Nd5 23. Bg2 Qb5 24. Bf1 Qd7 25. Bg2 1/2-1/2

[Event "4NCL Division 3 North"]
[Site "Bolton, ENG"]
[Date "2017.02.12"]
[Round "6.75"]
[White "Burke, Steven J"]
[Black "Gawne, Martin"]
[Result "1/2-1/2"]
[WhiteElo "1898"]
[BlackElo "1802"]
[Annotator "Barnes,Lara"]
[PlyCount "53"]
[EventDate "2017.02.12"]
[WhiteTeam "Ashfield Breadsall 1"]
[BlackTeam "Manchester Manticores 4"]

1. e4 e5 2. Nf3 Nc6 3. Bc4 Bc5 4. d3 h6 5. c3 Qe7 6. a4 a6 7. b4 Ba7 8. Ba3 d6
9. Nbd2 Be6 10. Qb3 Bxc4 11. Qxc4 Nf6 12. b5 Na5 13. Qb4 axb5 14. axb5 Bc5 15.
Qb2 d5 16. Bb4 b6 17. Bxc5 Qxc5 18. d4 exd4 19. cxd4 Qe7 20. e5 O-O 21. O-O Nh5
22. g3 Qe6 23. Qc2 c6 24. bxc6 Nxc6 25. Qb2 Rfb8 26. Rxa8 Rxa8 27. Rb1 1/2-1/2

[Event "4NCL Division 3 North"]
[Site "Bolton, ENG"]
[Date "2017.02.12"]
[Round "6.76"]
[White "Pollard, Matthew B"]
[Black "Ukken, Somton"]
[Result "1/2-1/2"]
[WhiteElo "1727"]
[BlackElo "1907"]
[PlyCount "84"]
[EventDate "2017.02.12"]
[WhiteTeam "Manchester Manticores 4"]
[BlackTeam "Ashfield Breadsall 1"]

1. c4 Nf6 2. Nc3 e6 3. Nf3 b6 4. e3 Bb7 5. Be2 d5 6. O-O Nbd7 7. b3 Be7 8. Bb2
O-O 9. d4 Ne4 10. Nd2 f5 11. f4 Ndf6 12. Ndxe4 Nxe4 13. Nxe4 dxe4 14. Kh1 c5
15. g4 Bf6 16. g5 Be7 17. Qe1 Qc7 18. h4 Rad8 19. Kh2 cxd4 20. Bxd4 Bc5 21. Qc3
Bxd4 22. exd4 Rd7 23. Rad1 Rfd8 24. Qe3 a5 25. Rd2 e5 26. d5 g6 27. Kg3 Ba6 28.
Rfd1 Kf7 29. h5 Rg8 30. hxg6+ hxg6 31. Rh1 Ke8 32. Bf1 Kd8 33. Rdh2 Kc8 34. Rh4
Kb7 35. Be2 Rgg7 36. Rh8 Qd6 37. R1h4 Rdf7 38. Bf1 Qe7 39. Be2 Qc7 40. Bf1 Rd7
41. a4 Ka7 42. Re8 Rde7 1/2-1/2

[Event "4NCL Division 3 North"]
[Site "Bolton, ENG"]
[Date "2017.02.12"]
[Round "6.81"]
[White "Naylor, Michael A"]
[Black "Baxter, Harold"]
[Result "1-0"]
[WhiteElo "1885"]
[BlackElo "1877"]
[Annotator "Barnes,Lara"]
[PlyCount "93"]
[EventDate "2017.02.12"]
[WhiteTeam "Ashfield Breadsall 2"]
[BlackTeam "Bradford DCA Knights C"]

1. e4 c5 2. Nf3 e6 3. d4 cxd4 4. Nxd4 a6 5. a3 Nf6 6. Nc3 Qc7 7. Be2 b5 8. O-O
Bb7 9. f3 Bd6 10. g3 Nc6 11. Kg2 Bc5 12. Nb3 Ba7 13. Bf4 e5 14. Bg5 Nd4 15. Rc1
h6 16. Bd2 O-O 17. Be1 d5 18. exd5 Nxd5 19. Nxd5 Bxd5 20. Bf2 Nxe2 21. Qxd5
Nxc1 22. Rxc1 Bxf2 23. Kxf2 Rad8 24. Qe4 f5 25. Qe3 Rd5 26. c4 bxc4 27. Nd2 Rd3
28. Qxd3 Qb6+ 29. Qe3 Qxb2 30. Rxc4 Rd8 31. Ke2 Qb5 32. Qc3 e4 33. f4 Kh7 34.
a4 Qd5 35. Rc7 Rd7 36. Rxd7 Qxd7 37. Qc4 Qa7 38. Qd5 Qg1 39. Qxf5+ Kh8 40. Qh3
Qd4 41. Qc8+ Kh7 42. Qf5+ Kh8 43. Qxe4 Qg1 44. Nf3 Qb6 45. Qd4 Qb3 46. Qd8+ Kh7
47. Qd3+ 1-0

[Event "4NCL Division 3 North"]
[Site "Bolton, ENG"]
[Date "2017.02.12"]
[Round "6.82"]
[White "Clarke, Paul Rh"]
[Black "Somton, Anita"]
[Result "1/2-1/2"]
[WhiteElo "1767"]
[BlackElo "1952"]
[PlyCount "78"]
[EventDate "2017.02.12"]
[WhiteTeam "Bradford DCA Knights C"]
[BlackTeam "Ashfield Breadsall 2"]

1. d4 d5 2. Bf4 c5 3. c3 Nc6 4. e3 Nf6 5. Nf3 Bf5 6. Bd3 Bg6 7. Bxg6 hxg6 8. h3
e6 9. Nbd2 Be7 10. Ne5 Nxe5 11. Bxe5 O-O 12. O-O Qb6 13. Qb3 Nd7 14. Bg3 Rfc8
15. Rfc1 Bf6 16. Nf3 Qxb3 17. axb3 Be7 18. Ne5 Nxe5 19. Bxe5 Rc6 20. dxc5 Bxc5
21. b4 Be7 22. Ra5 f6 23. Bg3 Bxb4 24. Rb5 Bc5 25. Rxb7 Bb6 26. Ra1 Rac8 27.
Rd7 Rc5 28. Bd6 Rb5 29. Ba3 Rd8 30. Rxd8+ Bxd8 31. Kf1 e5 32. Rd1 Bb6 33. Ke2
Kf7 34. Kd3 Bc5 35. Bxc5 Rxc5 36. b4 Rc7 37. Ra1 Ke6 38. Ra6+ Kd7 39. f3 Ke7
1/2-1/2

[Event "4NCL Division 3 North"]
[Site "Bolton, ENG"]
[Date "2017.02.12"]
[Round "6.83"]
[White "Flynn, David"]
[Black "Procter, Colin S"]
[Result "1/2-1/2"]
[WhiteElo "1885"]
[BlackElo "1775"]
[PlyCount "74"]
[EventDate "2017.02.12"]
[WhiteTeam "Ashfield Breadsall 2"]
[BlackTeam "Bradford DCA Knights C"]

1. e4 e6 2. d4 d5 3. e5 c5 4. c3 Nc6 5. Nf3 Bd7 6. Be2 Nge7 7. O-O cxd4 8. cxd4
Nf5 9. Nc3 Be7 10. g4 Nh4 11. Nxh4 Bxh4 12. f4 g6 13. Be3 a6 14. Rc1 Be7 15.
Bd3 h5 16. f5 gxf5 17. gxf5 Bg5 18. Qf3 Bxe3+ 19. Qxe3 Qh4 20. Rf4 Rg8+ 21. Kh1
Rg4 22. Rg1 Rxg1+ 23. Qxg1 Qe7 24. fxe6 Bxe6 25. Qg8+ Qf8 26. Qxf8+ Kxf8 27.
Be2 Ke7 28. Bxh5 Rg8 29. Bf3 Nb4 30. Be2 Nc2 31. h4 Ne3 32. Bf3 Rg3 33. Ne2 Rg7
34. Nc1 Nf1 35. Bg2 Ne3 36. Bf3 Nf1 37. Be2 Ng3+ 1/2-1/2

[Event "4NCL Division 3 North"]
[Site "Bolton, ENG"]
[Date "2017.02.12"]
[Round "6.84"]
[White "Adam, David W"]
[Black "Taylor, Robert P"]
[Result "1-0"]
[WhiteElo "1757"]
[BlackElo "1893"]
[PlyCount "69"]
[EventDate "2017.02.12"]
[WhiteTeam "Bradford DCA Knights C"]
[BlackTeam "Ashfield Breadsall 2"]

1. c4 Nf6 2. g3 c6 3. Bg2 Na6 4. e4 e5 5. Nc3 Bb4 6. Nge2 O-O 7. O-O Nc7 8. d3
Ne6 9. Bd2 d6 10. a3 Ba5 11. b4 Bb6 12. Rc1 Bd7 13. a4 a5 14. b5 Qe7 15. Rb1
Rab8 16. Rb2 Rfc8 17. Qb1 Qd8 18. Nd1 Nc5 19. Qc2 Bg4 20. Nec3 Qd7 21. Ne3 Be6
22. Rfb1 Qd8 23. Ne2 d5 24. bxc6 bxc6 25. exd5 cxd5 26. Nxd5 Nxd5 27. cxd5 Ne4
28. Nc3 Nxf2 29. Kf1 Ng4 30. Rxb6 Qf6+ 31. Kg1 Qf2+ 32. Kh1 Ne3 33. Bxe3 Qxc2
34. Rxb8 Qxc3 35. dxe6 1-0

[Event "4NCL Division 3 North"]
[Site "Bolton, ENG"]
[Date "2017.02.12"]
[Round "6.85"]
[White "Hill, Maurice J"]
[Black "Braham, Peter"]
[Result "1/2-1/2"]
[WhiteElo "1890"]
[BlackElo "1719"]
[Annotator "Barnes,Lara"]
[PlyCount "39"]
[EventDate "2017.02.12"]
[WhiteTeam "Ashfield Breadsall 2"]
[BlackTeam "Bradford DCA Knights C"]

1. g3 e5 2. Bg2 f5 3. d3 d6 4. Nc3 Nf6 5. e4 c6 6. Nge2 Be7 7. O-O O-O 8. d4
exd4 9. Nxd4 fxe4 10. Nxe4 Nxe4 11. Bxe4 d5 12. Bg2 Na6 13. Be3 Nc7 14. c3 Ne6
15. Qe2 Nxd4 16. Bxd4 Bd6 17. c4 dxc4 18. Qxc4+ Kh8 19. Rae1 Qc7 20. Re3
1/2-1/2

[Event "4NCL Division 3 North"]
[Site "Bolton, ENG"]
[Date "2017.02.12"]
[Round "6.86"]
[White "Mahoney, Nicholas"]
[Black "Graham, Neil"]
[Result "1/2-1/2"]
[WhiteElo "1714"]
[BlackElo "1802"]
[Annotator "Barnes,Lara"]
[PlyCount "33"]
[EventDate "2017.02.12"]
[WhiteTeam "Bradford DCA Knights C"]
[BlackTeam "Ashfield Breadsall 2"]

1. d4 d5 2. Nf3 Bf5 3. c4 e6 4. Nc3 Nf6 5. Qb3 b6 6. cxd5 exd5 7. Bg5 c6 8. Ne5
h6 9. Bh4 Be6 10. e3 Be7 11. Rc1 Nfd7 12. Bg3 Nxe5 13. Bxe5 O-O 14. Bd3 Nd7 15.
Bg3 Nf6 16. Bb1 Qd7 17. O-O 1/2-1/2

[Event "4NCL Division 3 North"]
[Site "Bolton, ENG"]
[Date "2017.02.12"]
[Round "6.91"]
[White "Gittens, Nathan L"]
[Black "Turner, John M"]
[Result "1/2-1/2"]
[WhiteElo "1833"]
[BlackElo "2009"]
[Annotator "Barnes,Lara"]
[PlyCount "79"]
[EventDate "2017.02.12"]
[WhiteTeam "3Cs 3"]
[BlackTeam "Holmes Chapel"]

1. d4 d5 2. c4 dxc4 3. e4 e5 4. Nf3 exd4 5. Bxc4 Nc6 6. O-O Be6 7. Bxe6 fxe6 8.
Qb3 Qd7 9. Qxb7 Rb8 10. Qa6 Bd6 11. Nbd2 Nf6 12. e5 Bxe5 13. Nc4 Bd6 14. Re1
O-O 15. Bg5 Nb4 16. Qxa7 Nc2 17. Bxf6 gxf6 18. Rec1 Ra8 19. Nb6 Rxa7 20. Nxd7
Nxa1 21. Nxf8 Kxf8 22. Rxa1 c5 23. Nd2 Ke7 24. Nc4 e5 25. g4 Ke6 26. f3 Bc7 27.
Kf2 Kd5 28. b3 Ba5 29. a4 Bc3 30. Rb1 Rb7 31. Ke2 h5 32. h3 Rh7 33. Rf1 Rb7 34.
Rb1 hxg4 35. hxg4 Rh7 36. Rf1 Rh2+ 37. Kd3 Rh3 38. Nb6+ Kc6 39. Nc4 Kd5 40.
Nb6+ 1/2-1/2

[Event "4NCL Division 3 North"]
[Site "Bolton, ENG"]
[Date "2017.02.12"]
[Round "6.92"]
[White "Doran, Chris"]
[Black "Tebelev, Michael"]
[Result "1-0"]
[WhiteElo "1960"]
[BlackElo "1900"]
[PlyCount "155"]
[EventDate "2017.02.12"]
[WhiteTeam "Holmes Chapel"]
[BlackTeam "3Cs 3"]

1. e4 e6 2. d4 d5 3. Nd2 Nf6 4. e5 Nfd7 5. Bd3 c5 6. c3 Nc6 7. Ne2 cxd4 8. cxd4
f6 9. exf6 Nxf6 10. O-O Bd6 11. Nf3 O-O 12. Bf4 Qc7 13. g3 Ng4 14. Bxd6 Qxd6
15. Nc3 e5 16. dxe5 Ngxe5 17. Nxe5 Nxe5 18. Be4 Bg4 19. Qxd5+ Qxd5 20. Bxd5+
Kh8 21. f4 Nc6 22. Bf3 Bxf3 23. Rxf3 g6 24. Rd3 Rf7 25. Rad1 Re8 26. Rd7 Ree7
27. Rxe7 Rxe7 28. Kf2 Kg7 29. Kf3 Kf7 30. Ne4 Rc7 31. Ng5+ Kf6 32. Rd6+ Ke7 33.
Re6+ Kf8 34. Re4 Rd7 35. Ke3 h6 36. Nf3 Rd1 37. Ne5 g5 38. Nxc6 bxc6 39. fxg5
hxg5 40. Rc4 Rh1 41. h4 gxh4 42. Rxh4 Rg1 43. Kf3 Rf1+ 44. Kg2 Rb1 45. Rb4 a5
46. Rf4+ Kg7 47. Rf2 a4 48. Kf3 Rg1 49. Rg2 Ra1 50. a3 Re1 51. Rc2 Rb1 52. Ke4
Rg1 53. Rxc6 Rxg3 54. Rb6 Kf7 55. Kd5 Ke7 56. Rb4 Kd7 57. Rxa4 Kc7 58. Rd4 Kb6
59. Kc4 Rg2 60. Kc3 Kb5 61. a4+ Ka5 62. Rd5+ Kb6 63. b4 Rg3+ 64. Kc4 Rg6 65.
a5+ Ka6 66. Kc5 Rg4 67. Rd6+ Kb7 68. b5 Rg5+ 69. Rd5 Rg1 70. a6+ Kb8 71. Kc6
Rg8 72. b6 Rg6+ 73. Rd6 Rg8 74. b7 Ka7 75. Kc7 Rg7+ 76. Rd7 Rg8 77. Rd8 Rg7+
78. Kc8 1-0